| 000 | 00648nam a22002057u 4500 | ||
|---|---|---|---|
| 008 | 130405s1995 xxu||||| |||| 00| 0 fre d | ||
| 020 | _a2204051632 | ||
| 024 | 8 | _a1151-7115 | |
| 041 | _afre | ||
| 100 | 1 |
_aBradshaw, Paul F. _920125 |
|
| 245 | 0 | 0 |
_aLa liturgie chrétienne en ses origines _b:Sources et méthodes _cPaul F. Bradshaw, Jean-Marc Laporte |
| 260 |
_aParis: _bCerf, _c1995 |
||
| 300 |
_a247 p. _c;21 cm. |
||
| 490 | 0 |
_aLiturgie _v5 |
|
| 500 | _aTítulo original: The Search for the Origins of Christian Worship | ||
| 650 | 0 | 4 |
_aLiturgia _yÉpoca primitiva _915693 |
| 700 | 1 |
_aLaporte, Jean-Marc _917367 |
|
| 942 | _cBK | ||
| 001 | 55422 | ||
| 999 |
_c239895 _d239895 |
||